[Event "RSA-ch U08"]
[White "Cass, Matthew"]
[Black "Van Zyl, Benjamin"]
[Site "Gauteng"]
[Round "10"]
[Result "0-1"]
[Date "2017.04.10"]
[WhiteElo "537"]
[BlackElo "557"]
[PlyCount "24"]
[EventDate "2017.04.05"]
[EventType "swiss"]
[EventRounds "11"]
[EventCountry "RSA"]
[SourceTitle "CBM 177 Extra"]
[Source "ChessBase"]
[SourceDate "2017.04.27"]
[SourceVersion "1"]
[SourceVersionDate "2017.04.27"]
[SourceQuality "1"]

1. e4 c5 2. d4 cxd4 3. Qxd4 Nc6 4. Qc4 e6 5. f4 d5 6. Qe2 Nf6 7. g3 Nxe4 8. b3 Nd4 9. Qg2 Bc5 10. a4 Bb4+ 11. Bd2 Nxc2+ 12. Kd1 Nxa1 0-1